[Event "IECG CN.2002.0.00275 email"]
[Site "IECG email"]
[Date "2002.01.09"]
[Round "?"]
[White "Burg, Stephen"]
[Black "Van Elsbergen, Klaus"]
[Result "0-1"]
[WhiteElo "800"]
[BlackElo "800"]
[PlyCount "37"]
[EventDate "2002.01.09"]
[EventType "tourn (corr)"]
[EventRounds "6"]
[SourceTitle "Corr 2008"]
[Source "ChessBase"]
[SourceDate "2008.06.24"]
[SourceVersion "1"]
[SourceVersionDate "2008.06.24"]
[SourceQuality "1"]

1. d4 d5 2. e3 Nf6 3. Ne2 Bg4 4. h3 Bh5 5. g4 Bg6 6. Nbc3 e5 7. Rg1 Bb4 8. h4 h5 9. g5 Nh7 10. a3 Bd6 11. Bh3 c5 12. Qd2 0-0 13. Nxd5 Nc6 14. b4 cxd4 15. exd4 Be7 16. b5 Na5 17. Nec3 exd4 18. Na4 Nc4 19. Qxd4 0-1